[Event "Men-Tehran"]
[Site "?"]
[Date "2015.09.17"]
[Round "7.19"]
[White "Rastbod, A."]
[Black "Firouzja, A."]
[Result "0-1"]
[BlackElo "2323"]
[WhiteElo "2190"]
[LiveChessVersion "1.4.6"]

1. d4 {[%clk 1:30:02]} Nf6 {[%clk 1:30:47]} 2. Nf3 {[%clk 1:30:31]} g6
{[%clk 1:30:48]} 3. Bg5 {[%clk 1:25:44]} Bg7 {[%clk 1:31:11]} 4. c4
{[%clk 1:17:26]} c5 {[%clk 1:30:56]} 5. Nc3 {[%clk 1:16:31]} cxd4
{[%clk 1:31:13]} 6. Qxd4 {[%clk 1:16:27]} Nc6 {[%clk 1:30:13]} 7. Qd2
{[%clk 1:16:26]} h6 {[%clk 1:30:03]} 8. Bh4 {[%clk 1:15:14]} d6 {[%clk 1:29:47]}
9. e4 {[%clk 1:12:57]} Nd7 {[%clk 1:28:52]} 10. Be2 {[%clk 1:12:19]} Nc5
{[%clk 1:28:55]} 11. O-O {[%clk 1:11:33]} Bg4 {[%clk 1:25:17]} 12. h3
{[%clk 1:10:34]} Bxf3 {[%clk 1:25:32]} 13. Bxf3 {[%clk 1:11:03]} Qa5
{[%clk 1:24:27]} 14. Rfc1 {[%clk 1:00:04]} Be5 {[%clk 1:20:23]} 15. Qe3
{[%clk 0:57:49]} Ne6 {[%clk 1:20:02]} 16. Qe1 {[%clk 0:51:50]} g5
{[%clk 1:19:52]} 17. Bg3 {[%clk 0:52:20]} Bxg3 {[%clk 1:20:12]} 18. fxg3
{[%clk 0:52:49]} Qc5+ {[%clk 1:16:56]} 19. Kh1 {[%clk 0:51:05]} h5
{[%clk 1:17:15]} 20. Be2 {[%clk 0:49:46]} Rc8 {[%clk 1:14:32]} 21. Nd5
{[%clk 0:49:21]} Qd4 {[%clk 1:14:13]} 22. Qc3 {[%clk 0:45:26]} Nc5
{[%clk 1:14:18]} 23. Rd1 {[%clk 0:42:13]} Qe5 {[%clk 1:14:02]} 24. Qxe5
{[%clk 0:35:40]} dxe5 {[%clk 1:13:04]} 25. Nc3 {[%clk 0:35:40]} Nd4
{[%clk 1:13:48]} 26. Bf1 {[%clk 0:35:55]} a5 {[%clk 1:14:03]} 27. b3
{[%clk 0:36:11]} e6 {[%clk 1:13:47]} 28. Rac1 {[%clk 0:33:19]} Ke7
{[%clk 1:14:04]} 29. Bd3 {[%clk 0:33:03]} Rhd8 {[%clk 1:13:45]} 30. Bb1
{[%clk 0:33:22]} Rd6 {[%clk 1:11:21]} 31. Kg1 {[%clk 0:29:55]} Rb6
{[%clk 1:10:39]} 32. Bd3 {[%clk 0:25:33]} Rb4 {[%clk 1:09:59]} 33. Kf1
{[%clk 0:24:40]} Kf6 {[%clk 1:07:20]} 34. Ne2 {[%clk 0:15:30]} a4
{[%clk 1:07:00]} 35. Nxd4 {[%clk 0:14:59]} exd4 {[%clk 1:07:24]} 36. Bc2
{[%clk 0:12:25]} Ke5 {[%clk 1:06:27]} 37. a3 {[%clk 0:12:41]} Rxb3
{[%clk 1:05:29]} 38. Bxb3 {[%clk 0:11:31]} axb3 {[%clk 1:05:53]} 39. Ke2
{[%clk 0:09:36]} Ra8 {[%clk 1:05:49]} 0-1

[Event "Men-Tehran"]
[Site "?"]
[Date "2015.09.17"]
[Round "7.20"]
[White "Khaghani, B."]
[Black "Omidi, A."]
[Result "0-1"]
[BlackElo "2252"]
[WhiteElo "2288"]
[LiveChessVersion "1.4.6"]

1. d4 Nf6 {[%clk 1:29:49]} 2. c4 {[%clk 1:30:41]} g6 {[%clk 1:30:03]} 3. Nc3
{[%clk 1:30:52]} d5 {[%clk 1:30:22]} 4. Qb3 {[%clk 1:30:09]} dxc4
{[%clk 1:30:31]} 5. Qxc4 {[%clk 1:30:37]} Bg7 {[%clk 1:30:13]} 6. e4
{[%clk 1:30:52]} c6 {[%clk 1:30:03]} 7. e5 {[%clk 1:25:17]} Nd5 {[%clk 1:29:59]}
8. Qb3 {[%clk 1:11:35]} Nb6 {[%clk 1:29:04]} 9. Be3 {[%clk 1:09:52]} O-O
{[%clk 1:29:25]} 10. Rd1 {[%clk 1:05:05]} Be6 {[%clk 1:29:45]} 11. Qc2
{[%clk 1:05:31]} a5 {[%clk 1:28:21]} 12. Nf3 {[%clk 1:02:49]} Na6
{[%clk 1:27:40]} 13. a3 {[%clk 0:55:02]} Nc7 {[%clk 1:27:24]} 14. Bd3
{[%clk 0:54:05]} a4 {[%clk 1:27:35]} 15. Qe2 {[%clk 0:54:32]} Bb3
{[%clk 1:26:54]} 16. Rc1 {[%clk 0:54:20]} Nbd5 {[%clk 1:25:02]} 17. Ne4
{[%clk 0:52:36]} Ne6 {[%clk 1:25:00]} 18. Qd2 {[%clk 0:46:39]} f5
{[%clk 1:23:33]} 19. exf6 {[%clk 0:40:10]} exf6 {[%clk 1:23:40]} 20. O-O
{[%clk 0:25:49]} f5 {[%clk 1:21:08]} 21. Bg5 {[%clk 0:26:09]} Qc7
{[%clk 1:04:22]} 22. Nc5 {[%clk 0:23:25]} Nxc5 {[%clk 1:03:41]} 23. Rxc5
{[%clk 0:19:40]} f4 {[%clk 1:02:04]} 24. Bh4 {[%clk 0:19:47]} Qd6
{[%clk 1:02:16]} 25. Bb1 {[%clk 0:15:12]} Rae8 {[%clk 0:59:23]} 26. Rcc1
{[%clk 0:15:32]} Nc7 {[%clk 0:57:43]} 27. Bc2 {[%clk 0:07:35]} Bd5
{[%clk 0:57:03]} 28. Bxa4 {[%clk 0:07:15]} Bxf3 {[%clk 0:57:19]} 29. gxf3
{[%clk 0:07:44]} Qd5 {[%clk 0:53:14]} 30. Rfe1 {[%clk 0:00:48]} Ne6
{[%clk 0:52:24]} 31. Qd3 {[%clk 0:00:34]} Nxd4 {[%clk 0:52:11]} 32. Kg2
{[%clk 0:01:01]} g5 {[%clk 0:52:03]} 33. Re4 {[%clk 0:00:32]} gxh4
{[%clk 0:52:07]} 34. Rce1 {[%clk 0:00:33]} Rxe4 {[%clk 0:51:59]} 35. Rxe4
{[%clk 0:00:38]} b5 {[%clk 0:51:54]} 36. Bd1 {[%clk 0:00:32]} Qg5+
{[%clk 0:52:18]} 37. Kf1 {[%clk 0:00:40]} h3 {[%clk 0:52:15]} 38. Rxd4
{[%clk 0:00:42]} Bxd4 {[%clk 0:50:32]} 39. Qxd4 {[%clk 0:01:10]} Qd5
{[%clk 0:49:16]} 40. Qxd5+ {[%clk 0:01:22]} cxd5 {[%clk 0:49:44]} 41. Bb3
{[%clk 0:01:32]} Rf5 {[%clk 0:50:05]} 42. Ke2 {[%clk 0:01:52]} Rg5
{[%clk 0:50:02]} 43. Kf1 {[%clk 0:00:41]} Kf8 {[%clk 0:50:10]} 44. Bc2
{[%clk 0:00:54]} h5 {[%clk 0:50:22]} 45. Bd3 {[%clk 0:01:20]} Rg2
{[%clk 0:50:13]} 46. Bxb5 {[%clk 0:00:36]} Rxh2 {[%clk 0:50:41]} 47. Kg1
{[%clk 0:00:33]} Rg2+ {[%clk 0:51:09]} 48. Kh1 {[%clk 0:00:46]} Rxf2
{[%clk 0:51:38]} 49. b4 {[%clk 0:01:02]} Rxf3 {[%clk 0:51:54]} 50. Bc6
{[%clk 0:01:17]} Rxa3 {[%clk 0:52:14]} 51. Bxd5 {[%clk 0:01:46]} Ke7
{[%clk 0:51:43]} 52. Kh2 {[%clk 0:01:56]} Kd6 {[%clk 0:52:02]} 53. Bf7
{[%clk 0:01:11]} h4 {[%clk 0:52:27]} 54. Bh5 {[%clk 0:01:28]} Rg3
{[%clk 0:52:44]} 0-1

[Event "Men-Tehran"]
[Site "?"]
[Date "2015.09.18"]
[Round "8.1"]
[White "Gholami, A."]
[Black "Ardeshi, M."]
[Result "1/2-1/2"]
[BlackElo "2307"]
[WhiteElo "2405"]
[LiveChessVersion "1.4.6"]

1. e4 Nf6 2. e5 Nd5 3. d4 d6 4. Nf3 Bg4 5. Be2 e6 6. O-O Nc6 7. c4 Nb6 8. exd6
cxd6 9. d5 exd5 10. cxd5 Bxf3 11. Bxf3 Ne5 12. a4 Be7 13. Be2 O-O 14. a5 Nbd7 15.
Be3 Nf6 16. Nc3 Qd7 17. h3 Rfc8 18. Qb3 h5 19. Ra4 Bd8 20. Rb4 Bxa5 21. Rxb7 Rc7
22. Rxc7 Qxc7 23. Nb5 Qb8 24. Qa4 Bb6 25. Bg5 Ned7 26. Nc3 Bc5 27. Bb5 Qc7 28.
Bc6 Rb8 29. Nb5 Qd8 30. b4 a6 31. bxc5 axb5 32. Bxb5 Nxc5 33. Qc4 Qb6 34. Bc6
Nfe4 35. Be3 Qb2 36. Qc1 Qe5 37. Qa1 Rb2 38. Rb1 Rxb1+ 39. Qxb1 Nc3 40. Qb2 N5e4
41. Qb8+ Kh7 42. Qb2 Nf6 43. Qc2+ Kg8 44. Qd3 Ncxd5 45. Bd4 Qe1+ 46. Qf1 Qxf1+
47. Kxf1 Kf8 48. g3 g6 49. Ke2 Ke7 50. Kf3 Ke6 51. Bb7 Ne7 52. g4 hxg4+ 53. hxg4
Nd7 54. Ke3 Nd5+ 55. Ke4 N5f6+ 56. Kf3 Ne5+ 57. Kg3 Nexg4 58. Bc8+ Kd5 59. Bb2
Ne5 60. Bb7+ Ke6 61. Bc8+ Ke7 62. Bb7 Nh5+ 63. Kg2 f5 64. Bc1 Kf6 65. Ba3 d5 66.
Kf1 Nf4 67. Bc1 Ned3 68. Be3 Ke5 69. Ba7 Ke4 70. Bc6 Kf3 71. Be3 Ke4 72. Ba7 Ne5
73. Bb7 Ned3 74. Bc6 g5 75. Ba4 g4 76. Bc2 d4 77. Bb8 Kf3 78. Bd1+ Ke4 79. Bc2
Nh3 80. Ke2 Nhxf2 81. Bg3 Kd5 82. Bxd3 Nxd3 1/2-1/2

[Event "Men-Tehran"]
[Site "?"]
[Date "2015.09.18"]
[Round "8.2"]
[White "Sharbaf, M."]
[Black "Grabliauskas, V."]
[Result "1-0"]
[BlackElo "2332"]
[WhiteElo "2354"]
[LiveChessVersion "1.4.6"]

1. Nf3 {[%clk 1:30:29]} Nf6 {[%clk 1:30:53]} 2. e3 {[%clk 1:30:54]} d5
{[%clk 1:30:44]} 3. b3 {[%clk 1:31:17]} Bf5 {[%clk 1:30:59]} 4. Bb2
{[%clk 1:31:40]} e6 {[%clk 1:31:21]} 5. Bd3 {[%clk 1:24:34]} Bxd3
{[%clk 1:29:42]} 6. cxd3 {[%clk 1:24:30]} Nbd7 {[%clk 1:28:40]} 7. O-O
{[%clk 1:24:51]} Bd6 {[%clk 1:28:51]} 8. d4 {[%clk 1:24:48]} c5 {[%clk 1:27:25]}
9. dxc5 {[%clk 1:24:03]} Nxc5 {[%clk 1:27:40]} 10. Qe2 {[%clk 1:20:53]} O-O
{[%clk 1:27:40]} 11. d3 {[%clk 1:21:19]} Rc8 {[%clk 1:21:55]} 12. Nbd2
{[%clk 1:21:27]} Ncd7 {[%clk 1:21:05]} 13. Rfc1 {[%clk 1:21:41]} Qe7
{[%clk 1:13:59]} 14. Nd4 {[%clk 1:09:15]} Ba3 {[%clk 1:06:24]} 15. N2f3
{[%clk 1:09:05]} a6 {[%clk 0:59:05]} 16. Qd2 {[%clk 1:06:06]} h6 {[%clk 0:47:29]}
17. h3 {[%clk 0:58:59]} Bxb2 {[%clk 0:36:17]} 18. Qxb2 {[%clk 0:57:57]} Nb6
{[%clk 0:36:42]} 19. Ne5 {[%clk 0:55:49]} Nfd7 {[%clk 0:30:10]} 20. Nxd7
{[%clk 0:54:39]} Qxd7 {[%clk 0:30:08]} 21. a4 {[%clk 0:53:28]} Rxc1+
{[%clk 0:27:52]} 22. Rxc1 {[%clk 0:52:51]} Rc8 {[%clk 0:28:14]} 23. a5
{[%clk 0:52:42]} Rxc1+ {[%clk 0:27:51]} 24. Qxc1 {[%clk 0:53:05]} Qc8
{[%clk 0:28:00]} 25. Qa3 {[%clk 0:45:36]} Nd7 {[%clk 0:28:10]} 26. Qd6
{[%clk 0:45:55]} Nc5 {[%clk 0:26:37]} 27. Kh2 {[%clk 0:26:47]} Nxd3
{[%clk 0:27:00]} 28. f3 {[%clk 0:27:13]} e5 {[%clk 0:16:32]} 29. Ne2
{[%clk 0:26:24]} Qc2 {[%clk 0:06:59]} 30. Qd7 {[%clk 0:26:46]} g6
{[%clk 0:05:40]} 31. Ng1 {[%clk 0:25:34]} Qxb3 {[%clk 0:03:56]} 32. h4
{[%clk 0:25:55]} Qb5 {[%clk 0:03:17]} 33. Qe7 {[%clk 0:26:16]} Qxa5
{[%clk 0:03:11]} 34. h5 {[%clk 0:26:27]} gxh5 {[%clk 0:02:38]} 35. Ne2
{[%clk 0:26:35]} Qb4 {[%clk 0:01:33]} 36. Qd8+ {[%clk 0:26:52]} Kh7
{[%clk 0:01:25]} 37. Qf6 {[%clk 0:27:12]} Kg8 {[%clk 0:00:55]} 38. Ng3
{[%clk 0:26:16]} Qf8 {[%clk 0:00:48]} 39. Nxh5 {[%clk 0:25:45]} e4
{[%clk 0:01:07]} 40. f4 {[%clk 0:25:43]} Nc5 {[%clk 0:01:23]} 41. Qf5
{[%clk 0:26:00]} Qd6 {[%clk 0:01:25]} 42. Nf6+ {[%clk 0:26:22]} Kf8
{[%clk 0:01:44]} 43. Qc8+ {[%clk 0:26:48]} 1-0

[Event "Men-Tehran"]
[Site "?"]
[Date "2015.09.18"]
[Round "8.3"]
[White "Mosadeghpour, M."]
[Black "Mashmooli, K."]
[Result "1-0"]
[BlackElo "2125"]
[WhiteElo "2416"]
[LiveChessVersion "1.4.6"]

1. e4 {[%clk 1:30:20]} c5 {[%clk 1:30:57]} 2. Nf3 {[%clk 1:30:35]} Nc6
{[%clk 1:30:36]} 3. d4 {[%clk 1:30:55]} cxd4 {[%clk 1:30:57]} 4. c3
{[%clk 1:31:20]} d5 {[%clk 1:30:07]} 5. exd5 {[%clk 1:31:41]} Qxd5
{[%clk 1:30:18]} 6. cxd4 {[%clk 1:32:06]} e6 {[%clk 1:20:43]} 7. Nc3
{[%clk 1:32:02]} Qa5 {[%clk 1:20:45]} 8. Bd3 {[%clk 1:31:41]} Nf6
{[%clk 1:20:36]} 9. O-O {[%clk 1:31:24]} Be7 {[%clk 1:19:40]} 10. Bd2
{[%clk 1:25:23]} Qd8 {[%clk 1:16:04]} 11. Rc1 {[%clk 1:18:13]} O-O
{[%clk 1:16:05]} 12. Bg5 {[%clk 1:05:12]} Nb4 {[%clk 1:13:03]} 13. Bb1
{[%clk 1:03:45]} b6 {[%clk 1:13:07]} 14. Ne5 {[%clk 0:59:26]} Bb7
{[%clk 1:12:49]} 15. Re1 {[%clk 0:59:50]} Rc8 {[%clk 1:11:01]} 16. Re3
{[%clk 0:50:01]} g6 {[%clk 1:05:01]} 17. h4 {[%clk 0:40:27]} Nbd5
{[%clk 1:02:58]} 18. Rg3 {[%clk 0:39:07]} Nxc3 {[%clk 1:01:29]} 19. bxc3
{[%clk 0:34:55]} Ne4 {[%clk 1:01:47]} 20. Bxe4 {[%clk 0:33:46]} Bxe4
{[%clk 1:02:14]} 21. Qe2 {[%clk 0:31:35]} Bb7 {[%clk 0:59:39]} 22. Bxe7
{[%clk 0:28:32]} Qxe7 {[%clk 1:00:03]} 23. h5 {[%clk 0:28:58]} Kg7
{[%clk 0:55:43]} 24. Qg4 {[%clk 0:16:23]} Qe8 {[%clk 0:49:56]} 25. Qf4
{[%clk 0:14:30]} Qe7 {[%clk 0:48:04]} 26. Qg4 {[%clk 0:10:46]} Qe8
{[%clk 0:47:32]} 27. Re1 {[%clk 0:11:12]} Bd5 {[%clk 0:47:10]} 28. Qf4
{[%clk 0:11:31]} Qd8 {[%clk 0:45:35]} 29. Nd7 {[%clk 0:07:30]} Re8
{[%clk 0:44:33]} 30. h6+ {[%clk 0:07:44]} Kg8 {[%clk 0:43:02]} 31. Qe5
{[%clk 0:08:09]} 1-0

[Event "Men-Tehran"]
[Site "?"]
[Date "2015.09.18"]
[Round "8.4"]
[White "Khamisi, S."]
[Black "Farshadifar, S."]
[Result "1-0"]
[BlackElo "2067"]
[WhiteElo "2178"]
[LiveChessVersion "1.4.6"]

1. e4 {[%clk 1:30:48]} c5 {[%clk 1:30:32]} 2. Nf3 {[%clk 1:31:02]} d6
{[%clk 1:30:57]} 3. d4 {[%clk 1:31:20]} cxd4 {[%clk 1:31:12]} 4. Nxd4
{[%clk 1:31:42]} Nf6 {[%clk 1:31:22]} 5. Nc3 {[%clk 1:31:58]} a6 {[%clk 1:31:38]}
6. f3 {[%clk 1:32:17]} e5 {[%clk 1:31:14]} 7. Nb3 {[%clk 1:32:37]} Be6
{[%clk 1:31:35]} 8. Be3 {[%clk 1:32:58]} Be7 {[%clk 1:31:31]} 9. Qd2
{[%clk 1:33:18]} O-O {[%clk 1:30:43]} 10. O-O-O {[%clk 1:32:48]} Nbd7
{[%clk 1:29:50]} 11. g4 {[%clk 1:32:46]} b5 {[%clk 1:29:06]} 12. g5
{[%clk 1:20:56]} b4 {[%clk 1:26:12]} 13. Na4 {[%clk 1:05:36]} Nh5
{[%clk 1:15:23]} 14. Qxb4 {[%clk 1:02:42]} d5 {[%clk 0:55:50]} 15. Qa5
{[%clk 1:00:34]} Bxg5 {[%clk 0:53:41]} 16. Bxg5 {[%clk 1:00:20]} Qxg5+
{[%clk 0:54:03]} 17. Qd2 Nf4 {[%clk 0:52:05]} 18. Nc3 {[%clk 0:19:15]} d4
{[%clk 0:48:21]} 19. Ne2 {[%clk 0:19:19]} Nxe2+ {[%clk 0:47:40]} 20. Bxe2
{[%clk 0:19:39]} Qe7 {[%clk 0:48:08]} 21. f4 {[%clk 0:19:16]} f6 {[%clk 0:47:30]}
22. Rhg1 {[%clk 0:19:13]} Kh8 {[%clk 0:43:13]} 23. f5 {[%clk 0:18:26]} Bf7
{[%clk 0:40:16]} 24. Rg4 {[%clk 0:17:06]} a5 {[%clk 0:37:56]} 25. Rdg1
{[%clk 0:16:10]} Rg8 {[%clk 0:34:49]} 26. Qe1 {[%clk 0:12:48]} g6
{[%clk 0:19:15]} 27. fxg6 {[%clk 0:12:43]} Rxg6 {[%clk 0:19:24]} 28. Rxg6
{[%clk 0:12:51]} Bxg6 {[%clk 0:14:07]} 29. Qh4 {[%clk 0:12:24]} Kg7
{[%clk 0:12:19]} 30. Qg4 {[%clk 0:11:17]} Kh8 {[%clk 0:07:40]} 31. Qh4
{[%clk 0:04:05]} Rg8 {[%clk 0:04:01]} 32. Nxa5 {[%clk 0:01:20]} d3
{[%clk 0:03:22]} 33. Bxd3 {[%clk 0:01:29]} Qc5 {[%clk 0:03:44]} 34. Qe1
{[%clk 0:01:53]} Ra8 {[%clk 0:01:28]} 35. Nb3 {[%clk 0:02:02]} Qb6
{[%clk 0:00:41]} 36. Kb1 {[%clk 0:01:38]} Bf7 {[%clk 0:00:57]} 37. Rg3
{[%clk 0:01:35]} Nc5 {[%clk 0:00:47]} 38. Qg1 {[%clk 0:01:10]} Bxb3
{[%clk 0:00:40]} 39. cxb3 {[%clk 0:01:22]} Qa5 {[%clk 0:00:38]} 40. Bc4
{[%clk 0:00:59]} Qd8 41. Rg8+ 1-0

[Event "Men-Tehran"]
[Site "?"]
[Date "2015.09.18"]
[Round "8.5"]
[White "Tabatabaei, M."]
[Black "Ghaem Maghami, E."]
[Result "1/2-1/2"]
[BlackElo "2596"]
[WhiteElo "2488"]
[LiveChessVersion "1.4.6"]

1. e4 {[%clk 1:27:06]} e6 {[%clk 1:26:16]} 2. d4 {[%clk 1:24:15]} d5
{[%clk 1:22:54]} 3. Nc3 {[%clk 1:24:37]} Bb4 {[%clk 1:16:43]} 4. e5
{[%clk 1:24:55]} b6 {[%clk 1:16:33]} 5. a3 {[%clk 1:21:21]} Bxc3+
{[%clk 1:14:58]} 6. bxc3 {[%clk 1:21:45]} Qd7 {[%clk 1:15:11]} 7. a4
{[%clk 1:11:46]} Ba6 {[%clk 1:13:42]} 8. Bxa6 {[%clk 1:09:14]} Nxa6
{[%clk 1:13:23]} 9. Qg4 {[%clk 1:08:40]} f5 {[%clk 1:10:53]} 10. exf6
{[%clk 1:08:40]} Nxf6 {[%clk 1:04:42]} 11. Qe2 {[%clk 1:08:45]} Qc6
{[%clk 1:04:14]} 12. Bb2 {[%clk 0:36:48]} Nb8 {[%clk 1:02:30]} 13. Nf3
{[%clk 0:37:02]} Nbd7 {[%clk 1:00:46]} 14. O-O {[%clk 0:37:25]} O-O
{[%clk 0:59:42]} 15. Nd2 {[%clk 0:35:43]} Rfe8 {[%clk 0:53:34]} 16. c4
{[%clk 0:35:01]} Qd6 {[%clk 0:51:44]} 1/2-1/2

[Event "Men-Tehran"]
[Site "?"]
[Date "2015.09.18"]
[Round "8.6"]
[White "Golizadeh, A."]
[Black "Lorparizangeneh, S."]
[Result "0-1"]
[BlackElo "2426"]
[WhiteElo "2447"]
[LiveChessVersion "1.4.6"]

1. e4 c6 2. d4 d5 3. Nc3 dxe4 4. Nxe4 Bf5 5. Ng3 Bg6 6. Nh3 Nf6 7. Nf4 Nbd7 8.
Bc4 Qc7 9. Qe2 Nb6 10. Bb3 e6 11. h4 Bd6 12. h5 Bxc2 13. Nxe6 fxe6 14. Qxc2 Bxg3
15. fxg3 Qxg3+ 16. Qf2 Qxf2+ 17. Kxf2 Kd7 18. h6 g6 19. Re1 Nfd5 20. Bd2 Rhf8+
21. Kg1 Nc7 22. Bb4 Rf5 23. Bc2 Rf7 24. Rf1 Ke8 25. Bd6 Ncd5 26. Be5 Nc4 27. Bg7
Ke7 28. Rxf7+ Kxf7 29. Rf1+ Kg8 30. Re1 Nce3 31. Bb3 Kf7 32. Be5 Ke7 33. Bf4 Nxf4
34. Rxe3 Rd8 35. g3 Nh3+ 36. Kg2 Ng5 37. Rd3 e5 38. d5 c5 39. a4 Kd6 40. Bc4 Rf8
41. g4 Rf4 0-1

[Event "Men-Tehran"]
[Site "?"]
[Date "2015.09.18"]
[Round "8.7"]
[White "Mousavi, S."]
[Black "Mirzoev, A."]
[Result "0-1"]
[BlackElo "2558"]
[WhiteElo "2427"]
[LiveChessVersion "1.4.6"]

1. c4 {[%clk 1:26:23]} e5 {[%clk 1:30:44]} 2. Nc3 {[%clk 1:26:16]} Nc6
{[%clk 1:31:11]} 3. Nf3 {[%clk 1:25:43]} g6 {[%clk 1:31:33]} 4. d4
{[%clk 1:20:37]} exd4 {[%clk 1:30:35]} 5. Nd5 {[%clk 1:21:00]} Bg7
{[%clk 1:24:33]} 6. Bg5 {[%clk 1:19:36]} Nce7 {[%clk 1:21:04]} 7. Nxd4
{[%clk 1:17:14]} c6 {[%clk 1:21:11]} 8. Nc3 {[%clk 1:16:28]} h6 {[%clk 1:18:02]}
9. Bf4 {[%clk 1:13:57]} d5 {[%clk 1:17:40]} 10. e3 {[%clk 1:11:56]} Nf6
{[%clk 1:16:28]} 11. c5 {[%clk 1:00:22]} O-O {[%clk 1:15:39]} 12. Be2
{[%clk 0:59:27]} Re8 {[%clk 1:14:54]} 13. O-O {[%clk 0:58:04]} Nf5
{[%clk 1:14:28]} 14. h3 {[%clk 0:46:49]} Bd7 {[%clk 1:05:54]} 15. Nb3
{[%clk 0:43:09]} Ne4 {[%clk 1:05:24]} 16. Nxe4 {[%clk 0:42:06]} Rxe4
{[%clk 1:05:37]} 17. Qd2 {[%clk 0:34:24]} Re8 {[%clk 1:04:33]} 18. Rac1
{[%clk 0:31:04]} a5 {[%clk 1:02:02]} 19. g4 {[%clk 0:28:07]} g5 {[%clk 0:56:27]}
20. Bh2 {[%clk 0:26:45]} a4 {[%clk 0:56:56]} 21. Na1 {[%clk 0:22:39]} Nh4
{[%clk 0:57:04]} 22. Qb4 {[%clk 0:19:55]} Bc8 {[%clk 0:54:58]} 23. Nc2
{[%clk 0:14:22]} Qa5 {[%clk 0:53:59]} 24. b3 {[%clk 0:12:16]} Qxb4
{[%clk 0:52:58]} 25. Nxb4 {[%clk 0:12:44]} axb3 {[%clk 0:50:57]} 26. axb3
{[%clk 0:13:12]} h5 {[%clk 0:50:22]} 27. Bg3 {[%clk 0:11:34]} hxg4
{[%clk 0:50:45]} 28. hxg4 {[%clk 0:11:43]} Ng6 {[%clk 0:50:19]} 29. Rfd1
{[%clk 0:06:42]} Ne5 {[%clk 0:48:25]} 30. f3 {[%clk 0:04:13]} Ra3
{[%clk 0:46:45]} 31. Rb1 {[%clk 0:01:52]} Ra5 {[%clk 0:43:34]} 32. Bf2
{[%clk 0:01:04]} Rxc5 {[%clk 0:39:49]} 33. e4 {[%clk 0:00:39]} Rc3
{[%clk 0:39:56]} 34. exd5 {[%clk 0:00:34]} Nxf3+ {[%clk 0:40:06]} 35. Bxf3
{[%clk 0:00:58]} Rxf3 {[%clk 0:40:25]} 36. Re1 {[%clk 0:00:46]} Rxe1+
{[%clk 0:38:40]} 37. Rxe1 {[%clk 0:00:53]} Bxg4 {[%clk 0:39:00]} 38. dxc6
{[%clk 0:00:33]} bxc6 {[%clk 0:39:23]} 39. Re3 {[%clk 0:00:48]} Rf6
{[%clk 0:37:23]} 40. Rg3 {[%clk 0:01:04]} Bd7 {[%clk 0:29:14]} 41. Rxg5
{[%clk 0:01:20]} Rg6 {[%clk 0:29:43]} 42. Rxg6 {[%clk 0:01:27]} fxg6
{[%clk 0:30:09]} 43. Bg3 {[%clk 0:00:45]} Bd4+ {[%clk 0:29:56]} 44. Kf1
{[%clk 0:00:34]} Kf7 {[%clk 0:29:59]} 45. Nd3 {[%clk 0:00:34]} Be8
{[%clk 0:25:45]} 46. Ke2 {[%clk 0:00:38]} Ke6 {[%clk 0:26:00]} 47. Ne1
{[%clk 0:00:33]} Kf5 {[%clk 0:25:54]} 48. Nf3 {[%clk 0:00:34]} Bf6
{[%clk 0:26:07]} 49. Bf2 {[%clk 0:00:32]} g5 {[%clk 0:26:16]} 50. Nd4+
{[%clk 0:00:33]} Ke4 {[%clk 0:26:23]} 51. Ne6 {[%clk 0:00:47]} Bh5+
{[%clk 0:25:36]} 52. Kd2 {[%clk 0:00:35]} Bf7 {[%clk 0:25:37]} 53. Nc5+
{[%clk 0:00:39]} Kf3 {[%clk 0:25:58]} 54. Nd3 {[%clk 0:00:35]} Bxb3
{[%clk 0:24:53]} 0-1

[Event "Men-Tehran"]
[Site "?"]
[Date "2015.09.18"]
[Round "8.8"]
[White "Hosseinzadeh, N."]
[Black "Bagheri, M."]
[Result "1-0"]
[BlackElo "2252"]
[WhiteElo "2176"]
[LiveChessVersion "1.4.6"]

1. e4 e5 {[%clk 1:29:09]} 2. Nf3 {[%clk 1:29:03]} Nc6 {[%clk 1:29:33]} 3. Bb5
{[%clk 1:29:26]} a6 {[%clk 1:29:59]} 4. Ba4 {[%clk 1:29:48]} Nf6 {[%clk 1:30:25]}
5. O-O {[%clk 1:30:10]} Be7 {[%clk 1:30:47]} 6. Re1 {[%clk 1:30:27]} b5
{[%clk 1:31:09]} 7. Bb3 {[%clk 1:30:51]} d6 {[%clk 1:31:30]} 8. c3
{[%clk 1:31:12]} O-O {[%clk 1:30:56]} 9. h3 {[%clk 1:26:59]} Bb7 {[%clk 1:30:21]}
10. d4 {[%clk 1:26:53]} Nd7 {[%clk 1:29:39]} 11. Nbd2 {[%clk 1:24:03]} exd4
{[%clk 1:29:31]} 12. cxd4 {[%clk 1:24:26]} Bf6 {[%clk 1:29:54]} 13. Nf1
{[%clk 1:24:21]} Re8 {[%clk 1:29:40]} 14. N1h2 {[%clk 1:04:22]} Na5
{[%clk 1:23:37]} 15. Bc2 {[%clk 1:04:47]} c5 {[%clk 1:22:48]} 16. Ng4
{[%clk 1:03:13]} Nc6 {[%clk 1:19:50]} 17. Nxf6+ {[%clk 0:59:39]} Nxf6
{[%clk 1:19:20]} 18. d5 {[%clk 0:52:05]} Ne7 {[%clk 1:16:33]} 19. b3
{[%clk 0:42:37]} Ng6 {[%clk 1:15:26]} 20. Bb2 {[%clk 0:40:24]} Nd7
{[%clk 1:14:35]} 21. a4 {[%clk 0:38:46]} b4 {[%clk 1:09:31]} 22. a5
{[%clk 0:34:00]} Bc8 {[%clk 1:08:20]} 23. Bd3 {[%clk 0:29:17]} Ra7
{[%clk 1:08:17]} 24. Nd2 {[%clk 0:29:18]} Nde5 {[%clk 1:02:51]} 25. Bf1
{[%clk 0:29:45]} Qg5 {[%clk 1:00:51]} 26. Re3 {[%clk 0:29:26]} h5
{[%clk 0:55:31]} 27. Nc4 {[%clk 0:19:15]} Nxc4 {[%clk 0:55:45]} 28. Bxc4
{[%clk 0:18:57]} h4 {[%clk 0:55:43]} 29. Kh1 {[%clk 0:16:34]} Nf4
{[%clk 0:51:12]} 30. Qg1 {[%clk 0:16:28]} Nh5 {[%clk 0:45:19]} 31. Rae1
{[%clk 0:16:14]} f6 {[%clk 0:42:41]} 32. Rf3 {[%clk 0:09:59]} Rae7
{[%clk 0:39:40]} 33. Qh2 {[%clk 0:08:51]} Qd2 {[%clk 0:35:51]} 34. Re2
{[%clk 0:03:34]} Qd1+ {[%clk 0:36:05]} 35. Qg1 {[%clk 0:04:02]} Qxg1+
{[%clk 0:36:20]} 36. Kxg1 {[%clk 0:04:30]} Rxe4 {[%clk 0:36:27]} 37. Kf1
{[%clk 0:03:14]} Kf7 {[%clk 0:31:17]} 38. Bd3 {[%clk 0:01:34]} Rxe2
{[%clk 0:27:38]} 39. Bxe2 {[%clk 0:02:02]} g6 {[%clk 0:27:35]} 40. Bd3
{[%clk 0:01:23]} Bb7 {[%clk 0:23:27]} 41. Bc4 {[%clk 0:01:42]} f5
{[%clk 0:23:21]} 42. g4 {[%clk 0:01:39]} hxg3 {[%clk 0:23:19]} 43. fxg3
{[%clk 0:02:07]} Nf6 {[%clk 0:21:43]} 44. g4 {[%clk 0:02:35]} Ne4
{[%clk 0:21:38]} 45. Bc1 {[%clk 0:02:06]} Kf6 {[%clk 0:20:46]} 46. h4
{[%clk 0:02:10]} Bc8 {[%clk 0:15:05]} 47. h5 {[%clk 0:01:09]} g5 {[%clk 0:14:25]}
48. gxf5 {[%clk 0:01:19]} Rh8 {[%clk 0:11:41]} 49. Bb2+ {[%clk 0:01:16]} Nc3
{[%clk 0:12:09]} 50. Rxc3 {[%clk 0:01:42]} Kf7 {[%clk 0:11:12]} 51. Rh3
{[%clk 0:01:51]} Re8 {[%clk 0:11:18]} 52. h6 {[%clk 0:02:03]} Bxf5
{[%clk 0:11:46]} 53. Rf3 {[%clk 0:02:25]} 1-0